000 00354nam a2200109Ia 4500
008 230907s9999||||xx |||||||||||||| ||und||
082 _a621.51
_bADV
245 0 _aAdvances in turbomachinery aero-thermo-mechanical design analysis /
260 _aVon Kamran Institute for Fluid Dynamics,
_bBelgium :
_c2007
300 _aVol. 2, various pages.
942 _cBK
999 _c598227
_d598227